Lana Del Rey songs beginning with letter "B" - Statistics

General Stats
  • This quiz has been taken 182 times
    175 since last reset
  • The average score is 10 of 15
Answer Stats
Hint Answer % Correct
Born to die Born to die
98%
Blue banisters Blue banisters
90%
Ultraviolence Brooklyn baby
78%
Born to die Blue jeans
76%
Norman fucking Rockwell Bartender
70%
Born to die: The paradise editon Bel air
69%
Ultraviolence Black beauty
69%
Blue banisters Beautiful
68%
Born to die: The paradise editon Blue velvet
67%
Born to die: The paradise editon Body electric
65%
Born to die: The paradise editon Burning desire
65%
Lust for life Beautiful people, Beautiful problems
60%
Blue banisters Black bathing suit
52%
Chemtrails over the country club Breaking up slowly
48%
Honeymoon Burnt Norton
43%
No matching quizzes found
Score Distribution
Percent of People with Each Score
Percentile by Number Answered
Your Score History
You have not taken this quiz since the last reset